• 首页
  • 本馆介绍
  • 公告通知
  • 最新文献
  • 馆藏检索
  • 电子资源
  • 读者导购
  • 参考咨询
  • 我的图书馆
  • 登录
  • 详细信息显示
  • 放入我的书架
  • 预约/预借图书
  • 作者相关作品
  • 分类相关作品
  • 丛书相关作品
  • 出版社相关作品

书目信息

  • 表格格式
  • 工作单格式
  • 卡片格式
题名:
与潜意识对话
    
 
作者: 刘心阳 著
分册:  
出版信息: 武汉   武汉大学出版社  2015.11
页数: 340页
开本: 20cm
丛书名:
单 册:
中图分类: B842.7-49 , B842.7
科图分类:
主题词: 下意识--xia yi shi--通俗读物
电子资源:
ISBN: 978-7-307-16560-1
000 00948nam0 2200265 450
001 2358513605
005 20231109142622.74
010    @a978-7-307-16560-1@dCNY58.00
100    @a20160104d2015 em y0chiy50 ea
101 0  @achi
102    @aCN@b420000
105    @ay z 000yy
200 1  @a与潜意识对话@Ayu qian yi shi dui hua@d= The subconscious@f刘心阳著@zeng
210    @a武汉@c武汉大学出版社@d2015.11
215    @a340页@d20cm
305    @a本书由布克文化正式授权,统一经由凯琳国际文化代理,由武汉大学出版社出版中文简体字版
330    @a本书是一本心理学类都市身心灵修行的实用手册。分为得到、分享、得到三部分,主要内容包括:灵感、生命的三门功课、生命难得等。
333    @a心理学爱好者,青年读者及相关读者。
510 1  @aSubconscious@zeng
606 0  @a下意识@Axia yi shi@j通俗读物
690    @aB842.7-49@v5
690    @aB842.7@v4
701  0 @a刘心阳@Aliu xin yang@4著
801  0 @aCN@b山东中教@c20230926
905    @aBZT@dB842.7@e15
    
    与潜意识对话= The subconscious/刘心阳著.-武汉:武汉大学出版社,2015.11
    340页;20cm
    使用对象:心理学爱好者,青年读者及相关读者。
    
    ISBN 978-7-307-16560-1:CNY58.00
    本书是一本心理学类都市身心灵修行的实用手册。分为得到、分享、得到三部分,主要内容包括:灵感、生命的三门功课、生命难得等。
●
相关链接 在五车中查询图书 在当当中查询图书 在豆瓣中查询图书


正题名:与潜意识对话     索取号:B842.7/15         预约/预借

序号 登录号 条形码 馆藏地/架位号 状态 备注
1 2000956763   2000956763   第四书库/四3架A面4层3列/ [索取号:B842.7/15] 在馆    
2 2000956764   2000956764   第四书库/四3架A面4层3列/ [索取号:B842.7/15] 在馆    
3 2000956765   2000956765   第四书库/四3架A面4层3列/ [索取号:B842.7/15] 在馆    
4 2000956766   2000956766   第四书库/四3架A面4层3列/ [索取号:B842.7/15] 在馆    
5 2000956767   2000956767   第四书库/四3架A面4层3列/ [索取号:B842.7/15] 在馆    
6 2000956768   2000956768   第四书库/四3架A面4层3列/ [索取号:B842.7/15] 在馆    
山东省滨州职业学院图书馆 欢迎您!
大连网信软件有限公司© 版权所有